[Event "Zonal tournament zone 1 AB, B-group "]
[Site "Marbella"]
[Date "1982.02.??"]
[Round "2"]
[White "Blow, Ronald"]
[Black "Meulders, Richard"]
[Result "0-1"]
[WhiteElo "2205"]
[BlackElo "2345"]
[Source "ChessBase"]

1. c4 f5 2. g3 Nf6 3. Nc3 e6 4. Bg2 Be7 5. Nh3 O-O 6. d3 d6 7. O-O a5 8. b3
Na6 9. a3 c6 10. b4 Bd7 11. Rb1 axb4 12. axb4 e5 13. d4 exd4 14. Qxd4 Nxb4
15. Bf4 c5 16. Qd2 Bc6 17. Rfd1 Bxg2 18. Kxg2 Qd7 19. f3 Qe6 20. Nd5 Nfxd5
21. cxd5 Qd7 22. Bg5 Ra2 23. Rb2 Bxg5 24. Nxg5 Rxb2 25. Qxb2 h6 26. Ne6 Nxd5
0-1

[Event "Zonal tournament zone 1 AB, B-group "]
[Site "Marbella"]
[Date "1982.02.??"]
[Round "3"]
[White "Meulders, Richard"]
[Black "Jones, Iolo Cerredig"]
[Result "1/2-1/2"]
[WhiteElo "2345"]
[BlackElo "2245"]
[Source "ChessBase"]

1. d4 Nf6 2. c4 d6 3. Nc3 e5 4. dxe5 dxe5 5. Qxd8+ Kxd8 6. Nf3 Nfd7 7. b3 f6
8. Bb2 c6 9. e3 a5 10. Bd3 Na6 11. a3 Nb6 12. O-O-O Kc7 13. Ne4 Be6 14. a4 Nd7
15. h3 Be7 16. Nfd2 Rad8 17. Bc2 Ndb8 18. Bb1 Nb4 19. Bc3 b6 20. Nf3 Kc8
21. Kb2 N8a6 22. Ng3 g6 23. Ne4 Rhf8 24. Rhe1 Bg8 25. Rg1 f5 26. Ng3 e4 27. Ne5
Bf6 28. f4 exf3 29. Nxf3 Bxc3+ 30. Kxc3 Rfe8 31. e4 f4 32. Ne2 Rxd1 33. Rxd1
Nc5 34. e5 Ne6 35. Rd6 Rd8 36. Rxd8+ Kxd8 37. h4 Ke7 38. Nfg1 Na6 39. Nh3 Nac5
40. Nexf4 Nxf4 41. Nxf4 Nd7 42. Kd4 Be6 43. Bd3 Nc5 44. Bc2 Bg4 45. Kc3 Nd7
46. Kd4 Nc5 47. Ke3 Nd7 48. Kd4 1/2-1/2

[Event "Zonal tournament zone 1 AB, B-group "]
[Site "Marbella"]
[Date "1982.02.??"]
[Round "4"]
[White "Hebden, Mark"]
[Black "Meulders, Richard"]
[Result "1-0"]
[WhiteElo "2400"]
[BlackElo "2345"]
[Source "ChessBase"]

1. e4 c5 2. f4 e6 3. Nf3 Nc6 4. Nc3 Nge7 5. d4 Nxd4 6. Nxd4 cxd4 7. Qxd4 Nc6
8. Qf2 d5 9. Bd3 d4 10. Nb1 Nb4 11. Nd2 Nxd3+ 12. cxd3 Bd7 13. O-O Bb5 14. Qg3
h5 15. f5 h4 16. Qf3 e5 17. b3 f6 18. Nc4 Bb4 19. a3 Bc3 20. Ra2 a5 21. Qg4 Kf7
22. Nxe5+ fxe5 23. Qg6+ Kg8 24. f6 1-0

[Event "Zonal tournament zone 1 AB, B-group "]
[Site "Marbella"]
[Date "1982.02.??"]
[Round "5"]
[White "Meulders, Richard"]
[Black "Sanz Alonso, Francisco Javier"]
[Result "1-0"]
[WhiteElo "2345"]
[BlackElo "2355"]
[BlackTitle "IM"]
[Source "ChessBase"]

1. d4 Nf6 2. c4 g6 3. Nc3 Bg7 4. e4 d6 5. Nf3 O-O 6. h3 e5 7. d5 a5 8. Be3 c6
9. g4 cxd5 10. cxd5 Nbd7 11. Nd2 Nc5 12. a3 Ne8 13. b4 axb4 14. axb4 Rxa1
15. Qxa1 Na6 16. Qa5 Qe7 17. Rg1 Kh8 18. Nc4 f5 19. Nb6 Nf6 20. Be2 Nd7
21. Nxc8 Rxc8 22. Na4 f4 23. Bd2 Ra8 24. g5 Qd8 25. Qxd8+ Rxd8 26. Bg4 Bf8
27. Ke2 Be7 28. Kd3 Kg7 29. Bxd7 Rxd7 30. b5 Nc7 31. Kc4 Rd8 32. Ba5 Ra8
33. Kb4 Bd8 34. Bxc7 Bxc7 35. b6 Bd8 36. Rc1 f3 37. Kb5 Bxg5 38. Rc7+ Kf6
39. Rxb7 Be3 40. Rc7 Rxa4 41. Kxa4 1-0

[Event "Zonal tournament zone 1 AB, B-group "]
[Site "Marbella"]
[Date "1982.02.??"]
[Round "7"]
[White "Meulders, Richard"]
[Black "Rivas Pastor, Manuel"]
[Result "1/2-1/2"]
[WhiteElo "2345"]
[BlackElo "2470"]
[BlackTitle "IM"]
[Source "ChessBase"]

1. e4 e5 2. Nf3 Nc6 3. d4 exd4 4. Nxd4 Nf6 5. Nxc6 bxc6 6. e5 Qe7 7. Qe2 Nd5
8. c4 Ba6 9. Nd2 Nb6 10. b3 O-O-O 11. Bb2 Re8 12. O-O-O d5 13. Qg4+ Kb8
14. cxd5 Bc8 15. d6 cxd6 16. exd6 Bxg4 17. dxe7 Rxe7 18. f3 Bf5 19. g4 Bc8
20. Nc4 f6 21. h4 h6 22. Bd4 Nd5 23. h5 Re8 24. Rh2 Bb7 25. Bd3 Bb4 26. a3 Be7
27. Kb2 c5 28. Bf2 f5 29. Bxf5 Bf6+ 30. Kc2 Nc3 31. Rd2 Bxf3 32. Bxc5 Ne4
33. Rd3 Nxc5 34. Rxf3 Re1 35. b4 Ne6 36. Bxe6 Rxe6 37. Re3 Rxe3 38. Nxe3 Rc8+
39. Kb1 Rc3 40. Nd5 Rxa3 41. Nxf6 1/2-1/2

[Event "Zonal tournament zone 1 AB, B-group "]
[Site "Marbella"]
[Date "1982.02.??"]
[Round "8"]
[White "Donner, Jan Hein"]
[Black "Meulders, Richard"]
[Result "1-0"]
[WhiteElo "2460"]
[WhiteTitle "GM"]
[BlackElo "2345"]
[Source "ChessBase"]

1. d4 f5 2. c4 Nf6 3. Nc3 e6 4. Bg5 Bb4 5. e3 O-O 6. Bd3 Bxc3+ 7. bxc3 d6
8. Ne2 c5 9. f4 Nc6 10. O-O Qe8 11. Ng3 Bd7 12. Qd2 Qf7 13. Bxf6 Qxf6 14. d5
Na5 15. e4 g6 16. Rae1 Qf7 17. dxe6 Bxe6 18. exf5 gxf5 19. Rf3 b6 20. Qe2 Bxc4
21. Nxf5 Qxf5 22. Bxf5 Bxe2 23. Be6+ Kh8 24. Rxe2 Rae8 25. Kf2 Nc6 26. g3 Ne5
27. fxe5 Rxf3+ 28. Kxf3 Rxe6 29. Kf4 dxe5+ 30. Rxe5 Rf6+ 31. Rf5 Rh6 32. h4 Kg7
33. Rd5 Rf6+ 34. Ke4 Rf7 35. g4 Re7+ 36. Re5 Rd7 37. Re6 Kf7 38. Rc6 Ke7 39. a4
Kf7 40. a5 bxa5 41. Rxc5 Re7+ 42. Kd3 Ke6 43. Rxa5 Kd6 44. Rh5 Rg7 45. g5 Re7
46. Kd4 Ke6 47. Rh6+ Kf5 48. c4 a5 49. Ra6 Re4+ 50. Kd3 Rxh4 51. Rxa5+ Kg6
52. Kc3 Rg4 53. Kb4 Kf7 54. Re5 h6 55. gxh6 Rh4 56. Kb5 Rxh6 57. c5 Rh1 58. c6
Rb1+ 59. Kc5 Kf6 60. Re4 1-0

[Event "Zonal tournament zone 1 AB, B-group "]
[Site "Marbella"]
[Date "1982.02.??"]
[Round "10"]
[White "Meulders, Richard"]
[Black "van der Sterren, Paul"]
[Result "1/2-1/2"]
[WhiteElo "2345"]
[BlackElo "2470"]
[BlackTitle "IM"]
[Source "ChessBase"]

1. Nf3 Nf6 2. b3 d5 3. Bb2 Bg4 4. c4 e6 5. e3 Nbd7 6. Be2 Bd6 7. cxd5 exd5
8. Nd4 Bxe2 9. Qxe2 Be5 10. f4 Bxd4 11. Bxd4 c5 12. Bb2 O-O 13. O-O Re8 14. Qf3
Qb6 15. Nc3 Rad8 16. Rac1 Qd6 17. Kh1 a6 18. d3 Qe6 19. Rce1 d4 20. Nd1 Nd5
21. f5 Qe5 22. e4 Nb4 23. a3 Nc6 24. Bc1 Qe7 25. Qg3 f6 26. Rf4 Qf7 27. Rh4 Nf8
28. Nf2 Qxb3 29. Ng4 Kh8 30. Rh3 Qf7 31. Bf4 g5 32. fxg6 Nxg6 33. Nh6 Qe6
34. Bd6 c4 35. Rf1 Rd7 36. e5 Ncxe5 37. Bxe5 Qxe5 38. Nf7+ Rxf7 39. Qxg6 Qe2
40. Kg1 Rg8 41. Rxh7+ Rxh7 42. Qxf6+ 1/2-1/2

[Event "Zonal tournament zone 1 AB, B-group "]
[Site "Marbella"]
[Date "1982.02.??"]
[Round "11"]
[White "Stean, Michael Francis"]
[Black "Meulders, Richard"]
[Result "1/2-1/2"]
[WhiteElo "2505"]
[WhiteTitle "GM"]
[BlackElo "2345"]
[Source "ChessBase"]

1. d4 f5 2. g3 Nf6 3. Bg2 g6 4. Nf3 Bg7 5. b3 O-O 6. Bb2 d6 7. O-O e6 8. c4
Qe7 9. Nc3 Nbd7 10. Qc2 c5 11. e4 cxd4 12. Nxd4 e5 13. Nde2 Nc5 14. f3 fxe4
15. fxe4 Bh6 16. Rae1 Be6 17. Bc1 Bxc1 18. Nxc1 Ng4 19. Qd2 Kg7 20. h3 Nf6
21. Rd1 Rad8 22. Qe3 b6 23. Rf2 Bd7 24. Rfd2 Bc6 25. N1e2 1/2-1/2